[Event "4. HSK Weihnachtsopen 2018"]
[Site "Hamburg"]
[Date "2018.12.27"]
[Round "2.4"]
[White "Atri, Jamshid"]
[Black "Chittka, Julius"]
[Result "0-1"]
[WhiteElo "1930"]
[BlackElo "2279"]
[PlyCount "82"]
[EventDate "2018.12.27"]

1. e4 c5 2. Nf3 Nc6 3. d4 cxd4 4. Nxd4 Nf6 5. Nc3 e5 6. Ndb5 d6 7. Nd5 Nxd5 8.
exd5 Nb8 9. c4 a6 10. Nc3 Be7 11. Be2 O-O 12. O-O f5 13. Kh1 Nd7 14. f4 Bf6 15.
Be3 exf4 16. Bxf4 Ne5 17. Rc1 Bd7 18. b4 a5 19. a3 axb4 20. axb4 Qb6 21. Qb3
Rfc8 22. Bg3 Qa7 23. Bf2 Qa3 24. Qxa3 Rxa3 25. c5 Rb3 26. c6 bxc6 27. dxc6 Rxc6
28. Nd5 Rxc1 29. Nxf6+ gxf6 30. Rxc1 Rb2 31. Re1 Rxb4 32. h3 Kf7 33. Bh5+ Ke6
34. g4 f4 35. Bh4 Bc6+ 36. Kg1 Rb2 37. Bf2 Kd7 38. Rd1 Nf3+ 39. Kf1 Ng5 40. h4
Bb5+ 41. Kg2 Ne4 0-1

[Event "4. HSK Weihnachtsopen 2018"]
[Site "Hamburg"]
[Date "2018.12.27"]
[Round "2.5"]
[White "Schramm, Fynn"]
[Black "Spiric, Igor"]
[Result "1/2-1/2"]
[WhiteElo "1913"]
[BlackElo "2277"]
[PlyCount "116"]
[EventDate "2018.12.27"]

1. e4 e6 2. d4 b6 3. Bd3 Bb7 4. Nf3 Nf6 5. Nbd2 d5 6. e5 Ne4 7. Qe2 Nxd2 8.
Bxd2 Be7 9. O-O a5 10. a3 Ba6 11. b4 Bxd3 12. Qxd3 a4 13. b5 O-O 14. c4 c6 15.
Rfc1 cxb5 16. cxb5 Ra7 17. Ra2 Rc7 18. Rac2 Rxc2 19. Qxc2 Bxa3 20. Ra1 Be7 21.
Qxa4 Qc7 22. Rc1 Qd7 23. Ne1 f6 24. Nd3 Rc8 25. f4 Rxc1+ 26. Bxc1 Qc7 27. Bd2
f5 28. Kf2 Kf7 29. Kf3 Nd7 30. h3 h5 31. g3 Qc8 32. Qb3 Qa8 33. Qb2 Qa4 34. Ke2
Qc4 35. Ke3 g5 36. Qb1 Nc5 37. Nxc5 bxc5 38. Qd3 gxf4+ 39. gxf4 Qxd3+ 40. Kxd3
c4+ 41. Kc2 Ke8 42. Ba5 Kd7 43. Bb6 Bh4 44. Kd2 Kc8 45. Ke3 Kb7 46. Bc5 Bg3 47.
Kf3 Bh2 48. Ke3 Kc7 49. Kf3 Kb8 50. Bd6+ Ka7 51. Bc5+ Kb7 52. Ke3 Bg1+ 53. Ke2
Kc7 54. Kf3 Bh2 55. Ke3 h4 56. Kf3 Bg3 57. Ke3 Kb7 58. Kf3 Kc7 1/2-1/2

[Event "4. HSK Weihnachtsopen 2018"]
[Site "Hamburg"]
[Date "2018.12.27"]
[Round "2.6"]
[White "Stelzner, Hendrik"]
[Black "Malkiel, Daniel"]
[Result "0-1"]
[WhiteElo "1908"]
[BlackElo "2187"]
[PlyCount "66"]
[EventDate "2018.12.27"]

1. e4 e6 2. d4 d5 3. Nd2 Nc6 4. c3 e5 5. exd5 Qxd5 6. Ngf3 exd4 7. Bc4 Qh5 8.
O-O Be6 9. Bxe6 fxe6 10. Qb3 O-O-O 11. Qxe6+ Kb8 12. Nxd4 Nxd4 13. cxd4 Bd6 14.
Nf3 Nf6 15. h3 Rde8 16. Qc4 h6 17. Bd2 g5 18. Rfe1 g4 19. Rxe8+ Rxe8 20. hxg4
Nxg4 21. Re1 Rf8 22. Qe6 Bh2+ 23. Kf1 Bg3 24. Be3 a6 25. fxg3 Qh1+ 26. Ke2
Qxg2+ 27. Kd3 Qxf3 28. Qe7 Qf5+ 29. Qe4 Qb5+ 30. Kc3 Qa5+ 31. b4 Qa3+ 32. Kc4
b5+ 33. Kc5 Qc3+ 0-1

[Event "4. HSK Weihnachtsopen 2018"]
[Site "Hamburg"]
[Date "2018.12.27"]
[Round "2.7"]
[White "Schellhorn, Wolfgang"]
[Black "Koop, Th.Börge"]
[Result "0-1"]
[WhiteElo "2138"]
[BlackElo "1846"]
[PlyCount "76"]
[EventDate "2018.12.27"]

1. e4 e5 2. Nf3 Nc6 3. Bc4 Bc5 4. b4 Bxb4 5. c3 Ba5 6. d4 exd4 7. O-O d6 8. Qb3
Qf6 9. cxd4 Bb6 10. e5 Qg6 11. exd6 cxd6 12. Re1+ Nge7 13. d5 Nd4 14. Nxd4 Bxd4
15. Bb2 Bxb2 16. Qxb2 Qf6 17. Bb5+ Kf8 18. Nc3 a6 19. Qa3 Bf5 20. Rac1 Rc8 21.
Ba4 g5 22. Ne4 Rxc1 23. Qxc1 Qd4 24. Nxd6 Qxa4 25. Nxf5 Nxf5 26. Qc8+ Kg7 27.
Qxf5 h6 28. Qe5+ f6 29. Qe7+ Kg6 30. d6 Rh7 31. Qe6 Rf7 32. g4 Qd7 33. Qe4+ Kg7
34. h3 Qxd6 35. Qf5 Re7 36. Rc1 Qa3 37. Rc2 Qxh3 38. Rc1 h5 0-1

[Event "4. HSK Weihnachtsopen 2018"]
[Site "Hamburg"]
[Date "2018.12.27"]
[Round "2.8"]
[White "Rudolph, Jens-Erik"]
[Black "Jantzen, Hans-Jörg"]
[Result "1/2-1/2"]
[WhiteElo "1860"]
[BlackElo "2130"]
[PlyCount "56"]
[EventDate "2018.12.27"]

1. b3 d5 2. e3 c6 3. Bb2 Nf6 4. f4 Bg4 5. Nf3 e6 6. Be2 Nbd7 7. O-O Qb6 8. Ne5
Bxe2 9. Qxe2 Bd6 10. c4 Rd8 11. d4 Qa6 12. Nc3 Bb4 13. c5 Bxc3 14. Qxa6 bxa6
15. Bxc3 Nxe5 16. fxe5 Ne4 17. Be1 Rb8 18. b4 O-O 19. a4 Rb7 20. b5 axb5 21.
axb5 cxb5 22. Bb4 Rc8 23. Ra6 h5 24. Rfa1 Rcc7 25. Ba5 Rc8 26. Bb4 Rcc7 27. Ba5
Rc8 28. Bb4 Rcc7 1/2-1/2

[Event "4. HSK Weihnachtsopen 2018"]
[Site "Hamburg"]
[Date "2018.12.27"]
[Round "2.9"]
[White "Franke, Lutz"]
[Black "Schulz, Hans-Juergen"]
[Result "1-0"]
[WhiteElo "2110"]
[BlackElo "1827"]
[PlyCount "125"]
[EventDate "2018.12.27"]

1. d4 Nf6 2. c4 e5 3. dxe5 Ne4 4. a3 a5 5. Qc2 Nc5 6. Nc3 d6 7. Nf3 Bg4 8. Bg5
Qd7 9. Rd1 Nc6 10. exd6 Bxd6 11. Bf4 O-O 12. Bxd6 cxd6 13. e3 Bxf3 14. gxf3
Rae8 15. f4 Qg4 16. Qe2 Qh4 17. Rxd6 Ne6 18. Nb5 Nxf4 19. Qf3 Ng6 20. Nc3 Rd8
21. Rxd8 Rxd8 22. Be2 Nge5 23. Qg3 Qh6 24. Nd5 Re8 25. Rg1 Re6 26. Nf4 Rd6 27.
Qg5 Qxg5 28. Rxg5 f6 29. Rg1 a4 30. Nh5 Kf8 31. Rxg7 b6 32. Rc7 Na5 33. c5 bxc5
34. Rxc5 Nb3 35. Rc2 Ke7 36. Ng3 Kf7 37. f4 Nd3+ 38. Bxd3 Rxd3 39. Ke2 Rd7 40.
Nf1 Ke6 41. Rc4 Rg7 42. Kf3 Rg1 43. Ng3 Nd2+ 44. Kf2 Rxg3 45. Rxa4 Rg7 46. Rd4
Nb3 47. Rb4 Nc5 48. Rb6+ Kd5 49. Kf3 f5 50. Rf6 Kc4 51. Rxf5 Nd3 52. e4 Nxb2
53. e5 Kd5 54. Rf8 Ra7 55. Rd8+ Ke6 56. Rd6+ Ke7 57. Rh6 Rxa3+ 58. Kg4 Nc4 59.
Rxh7+ Ke6 60. Rh6+ Ke7 61. Kg5 Rf3 62. f5 Nxe5 63. Re6+ 1-0

[Event "4. HSK Weihnachtsopen 2018"]
[Site "Hamburg"]
[Date "2018.12.27"]
[Round "2.10"]
[White "Schwarzkopf, Jörg"]
[Black "Porth, Hartmut"]
[Result "0-1"]
[WhiteElo "1843"]
[BlackElo "2093"]
[PlyCount "102"]
[EventDate "2018.12.27"]

1. Nf3 Nc6 2. e4 e6 3. d3 d5 4. Nbd2 Nf6 5. g3 Bc5 6. Bg2 dxe4 7. dxe4 e5 8.
O-O O-O 9. a3 a5 10. Qe2 Bg4 11. Nb3 Bb6 12. Be3 Bxe3 13. Qxe3 a4 14. Nc5 b6
15. Nd3 Qe7 16. Rfe1 Nd7 17. Qd2 Nc5 18. Nxc5 Qxc5 19. Qd5 {(=)} Rfd8 20. Qxc5
bxc5 21. Red1 Nd4 22. Nxd4 Bxd1 23. Nc6 Rd2 24. Nxe5 Bxc2 25. Nc4 Rd1+ 26. Rxd1
Bxd1 27. Kf1 Rb8 28. Ke1 Bb3 29. Ne3 Rd8 30. Ke2 Kf8 31. f4 Ba2 32. e5 Rb8 33.
Nd1 Ke7 34. Bc6 Bb3 35. Ne3 f6 36. exf6+ Kxf6 37. Ng4+ Ke6 38. Ne3 Kd6 39. Bf3
Be6 40. Nd1 Bf5 41. Kd2 c4 42. Be2 Kc5 43. g4 Be4 44. h4 Rb3 45. h5 Bf3 46. g5
Kd4 47. h6 gxh6 48. gxh6 Bxe2 49. Kxe2 Ke4 50. Nc3+ Rxc3 51. bxc3 Kxf4 0-1

[Event "4. HSK Weihnachtsopen 2018"]
[Site "Hamburg"]
[Date "2018.12.27"]
[Round "2.11"]
[White "Zierott, Jan"]
[Black "Magnussen, Helge"]
[Result "0-1"]
[WhiteElo "1792"]
[BlackElo "2041"]
[PlyCount "60"]
[EventDate "2018.12.27"]

1. d4 Nf6 2. Bg5 e6 3. Nd2 d5 4. e3 h6 5. Bh4 Be7 6. Bd3 b6 7. Ngf3 Bb7 8. O-O
O-O 9. Qe2 c5 10. c3 Nc6 11. Ba6 Bxa6 12. Qxa6 Qc7 13. Rfe1 Rfd8 14. Rad1 Rab8
15. Qe2 a5 16. Ne5 b5 17. Nxc6 Qxc6 18. dxc5 Qxc5 19. Nb3 Qb6 20. Nd4 b4 21. c4
dxc4 22. Qxc4 Rbc8 23. Qe2 g5 24. Bg3 Ne4 25. Qf3 Nxg3 26. Qxg3 Bf6 27. h4 Qc5
28. hxg5 Qxg5 29. Qxg5+ hxg5 30. Re2 e5 0-1

[Event "4. HSK Weihnachtsopen 2018"]
[Site "Hamburg"]
[Date "2018.12.27"]
[Round "2.12"]
[White "Szobries, Torsten"]
[Black "Grotrian, Peter"]
[Result "1-0"]
[WhiteElo "2032"]
[BlackElo "1500"]
[PlyCount "97"]
[EventDate "2018.12.27"]

1. Nf3 c5 2. e3 Nc6 3. d4 e6 4. Bd3 Nf6 5. O-O b6 6. b3 cxd4 7. exd4 Bb7 8. Bb2
Rc8 9. c4 d5 10. Nbd2 Be7 11. Rc1 dxc4 12. Nxc4 O-O 13. a3 Nd5 14. Ne3 Nc7 15.
Qe2 Bf6 16. Rfd1 Ne7 17. Ne5 Ncd5 18. Rxc8 Nxc8 19. Be4 Nce7 20. Qf3 Qd6 21.
N3c4 Qd8 22. a4 Ng6 23. g3 Ba8 24. Ne3 Bxe5 25. dxe5 Nxe5 26. Bxe5 Qg5 27. Bxd5
Bxd5 28. Nxd5 Qxe5 29. Nf4 h6 30. Qe2 Qc3 31. Qd3 Qc6 32. Ng2 Rc8 33. Ne3 Qb7
34. Nc4 Rc5 35. Ne3 Qf3 36. b4 Re5 37. a5 bxa5 38. bxa5 f6 39. a6 f5 40. Nf1
Qg4 41. Rb1 Rd5 42. Qb3 Qe4 43. Rd1 Ra5 44. Qb8+ Kh7 45. Qxa7 Qc4 46. Rd7 Kg6
47. Rxg7+ Kf6 48. Qe7+ Ke5 49. Qc7+ 1-0

[Event "4. HSK Weihnachtsopen 2018"]
[Site "Hamburg"]
[Date "2018.12.27"]
[Round "2.13"]
[White "Hinrichs, Winfried"]
[Black "Kemeny, Matthias"]
[Result "0-1"]
[WhiteElo "1551"]
[BlackElo "1980"]
[PlyCount "86"]
[EventDate "2018.12.27"]

1. e4 c6 2. d4 d5 3. exd5 cxd5 4. Bd3 Nc6 5. c3 Nf6 6. Nf3 Bg4 7. Bf4 e6 8. O-O
Be7 9. Nbd2 O-O 10. h3 Bh5 11. Qc2 Bg6 12. Bxg6 hxg6 13. Rfe1 b5 14. Ne5 Nxe5
15. Bxe5 Bd6 16. Nf3 Ne4 17. Nd2 Nf6 18. Nf3 b4 19. c4 dxc4 20. Qxc4 Nd5 21.
Bxd6 Qxd6 22. Rac1 a5 23. Ng5 a4 24. Ne4 Qf4 25. g3 Qb8 26. Qd3 Rc8 27. Rxc8+
Qxc8 28. Nc5 a3 29. Qb3 axb2 30. Qxb2 Ra3 31. Rc1 Qa8 32. Rc2 Qa5 33. Nb3 Qa6
34. Nc5 Qb5 35. Nb3 Qd3 36. Nc5 Qd1+ 37. Kg2 Qf3+ 38. Kg1 Rc3 39. Re2 Rc4 40.
Ne4 Qd3 41. Nc5 Qd1+ 42. Kg2 Rc1 43. Kf3 f5 0-1

[Event "4. HSK Weihnachtsopen 2018"]
[Site "Hamburg"]
[Date "2018.12.27"]
[Round "2.15"]
[White "Böhm, Thomas"]
[Black "Grabbel, Lennart Christian"]
[Result "1-0"]
[WhiteElo "2126"]
[BlackElo "1823"]
[PlyCount "67"]
[EventDate "2018.12.27"]

1. e4 e5 2. Nf3 Nc6 3. Nc3 Nf6 4. d4 exd4 5. Nxd4 Bc5 6. Be3 Bb6 7. Be2 d6 8.
O-O O-O 9. Nxc6 bxc6 10. Bg5 Qe7 11. Bd3 Qe5 12. Bh4 Bd4 13. Bg3 Qa5 14. h3
Bxc3 15. bxc3 Qxc3 16. Qf3 Re8 17. e5 Nd5 18. exd6 cxd6 19. Bxd6 Re6 20. Qg3
Bd7 21. Rab1 Qa5 22. a3 Rae8 23. Kh2 Bc8 24. c4 Nf6 25. Bb4 Qh5 26. Rfe1 Ne4
27. Bxe4 Rxe4 28. Bc3 Qg6 29. Rxe4 Rxe4 30. Qc7 Re8 31. Rb8 Qe6 32. Qg3 Qg6 33.
Qe5 Rf8 34. Bb4 1-0

[Event "4. HSK Weihnachtsopen 2018"]
[Site "Hamburg"]
[Date "2018.12.27"]
[Round "2.16"]
[White "Chmielewski, Axel"]
[Black "Paufler, Patrick"]
[Result "1-0"]
[WhiteElo "1854"]
[BlackElo "1662"]
[PlyCount "41"]
[EventDate "2018.12.27"]

1. d4 d5 2. c4 e6 3. Nf3 Nf6 4. g3 Be7 5. Bg2 O-O 6. O-O c5 7. cxd5 Nxd5 8. e4
Nf6 9. e5 Nd5 10. dxc5 Bxc5 11. Qc2 Qb6 12. Nc3 Nxc3 13. Qxc3 Rd8 14. Bg5 Rd7
15. Rac1 Na6 16. a3 Rc7 17. Qd2 Bd7 18. b4 Nxb4 19. axb4 Bxb4 20. Qb2 a5 21.
Be3 1-0

[Event "4. HSK Weihnachtsopen 2018"]
[Site "Hamburg"]
[Date "2018.12.27"]
[Round "2.18"]
[White "Koop, Sören"]
[Black "Englert, Barbara"]
[Result "1-0"]
[WhiteElo "2096"]
[BlackElo "1238"]
[PlyCount "51"]
[EventDate "2018.12.27"]

1. e4 c5 2. Nf3 Nc6 3. d4 cxd4 4. Nxd4 Nf6 5. Nc3 e5 6. Ndb5 d6 7. Nd5 Nxe4 8.
Nbc7+ Kd7 9. Nxa8 g6 10. Nac7 Ne7 11. Bb5+ Nc6 12. O-O f5 13. Re1 Nc5 14. Be3
Ne6 15. Nxe6 Kxe6 16. f4 Bg7 17. Bc4 Kd7 18. fxe5 Bxe5 19. c3 Qh4 20. Bb5 Qxh2+
21. Kf1 Qh1+ 22. Bg1 Qh4 23. Bxa7 Re8 24. Bd4 Qh1+ 25. Bg1 Bh2 26. Nf6+ 1-0

[Event "4. HSK Weihnachtsopen 2018"]
[Site "Hamburg"]
[Date "2018.12.27"]
[Round "2.20"]
[White "Herrmann, Sabine"]
[Black "Nyenhuis, Yannek"]
[Result "0-1"]
[WhiteElo "1553"]
[BlackElo "1922"]
[PlyCount "56"]
[EventDate "2018.12.27"]

1. e4 d6 2. d4 Nf6 3. Nc3 Nbd7 4. d5 Nc5 5. Bb5+ Bd7 6. Qe2 c6 7. dxc6 bxc6 8.
Bc4 e5 9. Nf3 Be7 10. h3 O-O 11. Bg5 Be6 12. Bxe6 Nxe6 13. O-O-O Qc7 14. Nd2
Nxg5 15. h4 Ne6 16. g4 Nf4 17. Qf3 Rab8 18. g5 N6h5 19. Nb3 a5 20. a4 g6 21.
Rd2 Rfd8 22. Rhd1 Rb4 23. Re1 Rdb8 24. Re3 c5 25. Nb5 Qb6 26. Na3 c4 27. c3
Rxa4 28. Nxa5 Qxa5 0-1

[Event "4. HSK Weihnachtsopen 2018"]
[Site "Hamburg"]
[Date "2018.12.27"]
[Round "2.21"]
[White "Müller, Nico"]
[Black "Goltser, Ilja"]
[Result "1/2-1/2"]
[WhiteElo "1546"]
[BlackElo "1744"]
[PlyCount "70"]
[EventDate "2018.12.27"]

1. e4 e6 2. d4 d5 3. Nc3 dxe4 4. Nxe4 Nd7 5. Nf3 Ngf6 6. Bd3 Nxe4 7. Bxe4 Nf6
8. Bg5 Be7 9. Bxf6 Bxf6 10. Qd3 h6 11. Bxb7 Bxb7 12. Qb5+ Qd7 13. Qxb7 O-O 14.
Qe4 Qb5 15. b3 Qb4+ 16. Ke2 c5 17. a3 Qb5+ 18. Qd3 Qb6 19. dxc5 Qxc5 20. b4 Qc6
21. Rad1 Rac8 22. c4 Rfd8 23. Qc2 Qxc4+ 24. Qxc4 Rxc4 25. Rxd8+ Bxd8 26. Rd1
Bb6 27. Ne1 Kf8 28. f3 Ke7 29. Rd2 e5 30. Nc2 Ke6 31. Ne3 Bxe3 32. Kxe3 Rc3+
33. Rd3 Rxd3+ 34. Kxd3 Kd5 35. g4 g6 1/2-1/2

[Event "4. HSK Weihnachtsopen 2018"]
[Site "Hamburg"]
[Date "2018.12.27"]
[Round "2.22"]
[White "Tatliak, Stefan"]
[Black "Schulze, Tim"]
[Result "1/2-1/2"]
[WhiteElo "1699"]
[BlackElo "1520"]
[PlyCount "113"]
[EventDate "2018.12.27"]

1. e4 c5 2. Nf3 e6 3. d4 cxd4 4. Nxd4 Nc6 5. Nc3 Qc7 6. a3 a6 7. Be3 Nf6 8. Be2
b5 9. O-O Bb7 10. f3 Be7 11. Kh1 O-O 12. Bf2 Rfc8 13. Bg3 Bd6 14. Nxc6 Bxg3 15.
Ne7+ Kh8 16. Nxc8 Bxh2 17. g4 Rxc8 18. Rf2 Bf4 19. Rg2 Qc5 20. Qg1 Be3 21. Qh2
Qg5 22. Bd3 Bf4 23. Qh3 Be5 24. Nd1 h6 25. c3 Qf4 26. g5 Ng8 27. Nf2 f6 28.
gxh6 Nxh6 29. Rag1 Rg8 30. Ng4 Kh7 31. Nxh6 Qxh6 32. Qxh6+ Kxh6 33. Rg4 g5 34.
f4 Bc7 35. Rh4+ Kg6 36. fxg5 fxg5 37. Rh3 Bf4 38. Rf3 e5 39. Kg2 d5 40. Re1 Rh8
41. Rh3 Rxh3 42. Kxh3 dxe4 43. Bxe4+ Bxe4 44. Rxe4 Kf5 45. Re2 e4 46. b3 e3 47.
c4 bxc4 48. bxc4 Ke4 49. Kg2 Kd3 50. Kf1 Kxc4 51. Ke1 Kb3 52. Kd1 Kxa3 53. Kc2
Kb4 54. Kd3 Kb3 55. Re1 Kb2 56. Re2+ Kb3 57. Re1 1/2-1/2

[Event "4. HSK Weihnachtsopen 2018"]
[Site "Hamburg"]
[Date "2018.12.27"]
[Round "2.23"]
[White "Perschk, Bendix"]
[Black "Rodrigues, Afonso"]
[Result "1-0"]
[WhiteElo "1694"]
[BlackElo "1493"]
[PlyCount "65"]
[EventDate "2018.12.27"]

1. e4 c5 2. d4 cxd4 3. Nf3 d6 4. Nxd4 Nf6 5. Nc3 a6 6. Be2 e5 7. Nb3 Be6 8. O-O
Be7 9. f4 Nc6 10. Be3 b5 11. f5 Bxb3 12. axb3 O-O 13. Bf3 Re8 14. Qe1 Qc7 15.
Qf2 Bf8 16. Rfd1 Ne7 17. Rd2 Qc6 18. g4 b4 19. Nd5 Nfxd5 20. exd5 Qb7 21. Be4
Nc8 22. f6 gxf6 23. Qf5 Bg7 24. Qxh7+ Kf8 25. Rf1 Na7 26. Bh6 Bxh6 27. Qxh6+
Ke7 28. Qxf6+ Kd7 29. Qxf7+ Re7 30. Bf5+ Kd8 31. Qf8+ Re8 32. Qxd6+ Qd7 33.
Qxd7# 1-0

[Event "4. HSK Weihnachtsopen 2018"]
[Site "Hamburg"]
[Date "2018.12.27"]
[Round "2.24"]
[White "Müller, Linus"]
[Black "Bloh, Fabian"]
[Result "1/2-1/2"]
[WhiteElo "1445"]
[BlackElo "1685"]
[PlyCount "87"]
[EventDate "2018.12.27"]

1. e4 e6 2. d4 d5 3. e5 c5 4. Nf3 Nc6 5. Bb5 Bd7 6. Bxc6 bxc6 7. Be3 cxd4 8.
Bxd4 c5 9. Be3 Qb6 10. b3 Ne7 11. O-O Nf5 12. Nbd2 Nxe3 13. fxe3 Be7 14. c4 O-O
15. Nb1 Rad8 16. Nc3 dxc4 17. bxc4 Qb4 18. Qb3 Bc6 19. Ne1 Rd2 20. Rd1 Rfd8 21.
Rxd2 Rxd2 22. Rf2 Rd8 23. Rb2 Qa5 24. a4 Qc7 25. Nb5 Qa5 26. Kf1 a6 27. Nc3 Qb4
28. Ke2 Rb8 29. Qxb4 Rxb4 30. Rd2 Rxc4 31. Rd3 Bxa4 32. Nxa4 Rxa4 33. Rd7 Bf8
34. Rc7 g6 35. Nd3 c4 36. Nf2 Ra2+ 37. Kf3 Rc2 38. Ne4 Rc1 39. Nf6+ Kg7 40. Rc8
c3 41. g4 c2 42. Ke4 a5 43. g5 a4 44. Ne8+ 1/2-1/2

[Event "4. HSK Weihnachtsopen 2018"]
[Site "Hamburg"]
[Date "2018.12.27"]
[Round "2.25"]
[White "Fuhrmann, Jeppe"]
[Black "Westphal-Stubbe, Siegbert"]
[Result "0-1"]
[WhiteElo "1322"]
[BlackElo "1664"]
[PlyCount "80"]
[EventDate "2018.12.27"]

1. e4 c5 2. Nf3 e6 3. d4 cxd4 4. Nxd4 a6 5. Nc3 d6 6. Bd3 Nf6 7. f3 Nbd7 8. Be3
Qc7 9. a3 b6 10. Qe2 Be7 11. g4 Ne5 12. h3 Bb7 13. O-O-O O-O 14. Kb1 Nxd3 15.
Rxd3 d5 16. exd5 Nxd5 17. Nxd5 Bxd5 18. Rc3 Qb7 19. Rf1 b5 20. Qf2 b4 21. axb4
Bxb4 22. Rd3 Bc4 23. Rfd1 Bxd3 24. Rxd3 Be7 25. Rb3 Qd5 26. Qe2 Bf6 27. Rd3
Bxd4 28. Bxd4 Qb5 29. Qd2 f6 30. Qe1 e5 31. Rb3 Qd5 32. Bf2 Rfe8 33. Rd3 Qf7
34. h4 Red8 35. Re3 Rd5 36. Bg3 Rad8 37. Rd3 Rxd3 38. cxd3 Rxd3 39. Qe2 Qd5 40.
Be1 Qxf3 0-1

[Event "4. HSK Weihnachtsopen 2018"]
[Site "Hamburg"]
[Date "2018.12.27"]
[Round "2.26"]
[White "Lu, Siyuan"]
[Black "Grabbel, Torben Frederik"]
[Result "0-1"]
[WhiteElo "1659"]
[BlackElo "1469"]
[PlyCount "48"]
[EventDate "2018.12.27"]

1. e4 e5 2. Nf3 Nc6 3. Bc4 Bc5 4. c3 Nf6 5. d3 O-O 6. Nbd2 h6 7. Nf1 d5 8. exd5
Nxd5 9. Ng3 Bg4 10. O-O Nf6 11. h3 Bd7 12. Bb3 Re8 13. Re1 Bd6 14. Be3 Ne7 15.
Qd2 Ng6 16. Rad1 Bc6 17. Nh2 e4 18. Nxe4 Nxe4 19. dxe4 Rxe4 20. Nf3 Qf6 21. Nd4
Ne5 22. Bc2 Rh4 23. Nf5 Rxh3 24. Nxd6 Nf3+ 0-1

[Event "4. HSK Weihnachtsopen 2018"]
[Site "Hamburg"]
[Date "2018.12.27"]
[Round "2.27"]
[White "Raedisch, Peter"]
[Black "Meyer, Harald"]
[Result "0-1"]
[WhiteElo "1655"]
[BlackElo "1282"]
[PlyCount "103"]
[EventDate "2018.12.27"]

1. e4 e6 2. d4 d5 3. e5 Nc6 4. Nf3 Be7 5. c3 a6 6. Bd3 b5 7. h4 b4 8. Ng5 f6 9.
Nxh7 Kd7 10. Qg4 fxe5 11. Qxg7 e4 12. Be2 Rxh7 13. Qxh7 Nf6 14. Qg7 e5 15. Bg5
Ke6 16. Bxf6 Bxf6 17. Qg6 exd4 18. cxb4 Nxb4 19. Na3 d3 20. Bd1 Kd6 21. g4 Be6
22. Rb1 Qe7 23. g5 Bd4 24. Bg4 Rf8 25. O-O Rf4 26. Qxe6+ Qxe6 27. Bxe6 Kxe6 28.
Kg2 Rxh4 29. Kg3 Rh8 30. Rh1 Rg8 31. Kg4 Bxf2 32. Rh6+ Ke5 33. Rf6 Be3 34. Rf5+
Kd4 35. Rd1 Nxa2 36. Nb1 Nb4 37. Nc3 Kc4 38. Ra1 Kb3 39. Nxd5 Kxb2 40. Rh1 Nxd5
41. Rxd5 c5 42. Re1 Bd4 43. Kf4 d2 44. Rh1 e3 45. Kf3 a5 46. Ke2 a4 47. Rh6 Kc2
48. Rh1 Rf8 49. Rxd4 cxd4 50. Rf1 Rxf1 51. Kxf1 d1=Q+ 52. Kg2 0-1

[Event "4. HSK Weihnachtsopen 2018"]
[Site "Hamburg"]
[Date "2018.12.27"]
[Round "2.28"]
[White "Leonforte, Aurelius"]
[Black "Krüger, Dietrich"]
[Result "1-0"]
[WhiteElo "1629"]
[BlackElo "1262"]
[PlyCount "33"]
[EventDate "2018.12.27"]

1. e4 Nc6 2. Nf3 d5 3. exd5 Qxd5 4. Nc3 Qf5 5. d4 a6 6. Bd3 Qg4 7. O-O Nf6 8.
h3 Qd7 9. Ne4 Nxd4 10. Nxd4 Qxd4 11. Bb5+ axb5 12. Qxd4 Be6 13. Nxf6+ gxf6 14.
Bf4 c6 15. Qb6 Bc8 16. Rad1 e6 17. Qd8# 1-0

[Event "4. HSK Weihnachtsopen 2018"]
[Site "Hamburg"]
[Date "2018.12.28"]
[Round "3.1"]
[White "Porth, Hartmut"]
[Black "Hochgräfe, Markus"]
[Result "1/2-1/2"]
[WhiteElo "2093"]
[BlackElo "2413"]
[PlyCount "91"]
[EventDate "2018.12.27"]

1. e4 e6 2. g3 d5 3. Nc3 d4 4. Nce2 c5 5. d3 Nc6 6. f4 e5 7. Nf3 f6 8. Bg2 Bd6
9. O-O Nge7 10. fxe5 Nxe5 11. Nxe5 Bxe5 12. Nf4 O-O 13. c4 Rb8 14. a4 Nc6 15.
Bd2 b6 16. Nd5 Be6 17. Rb1 a5 18. Qh5 Qd7 19. Qe2 Nb4 20. Bxb4 axb4 21. b3 Bxd5
22. exd5 g6 23. Rfe1 Kg7 24. Ra1 Ra8 25. Qf1 Qd6 26. Re2 h5 27. Bh3 h4 28. g4
Bf4 29. Re6 Bxh2+ 30. Kh1 Qc7 31. Rc6 Qb8 32. Re1 Be5 33. Re6 Ra7 34. Qf3 Raf7
35. Qe4 Re8 36. g5 Rxe6 37. dxe6 Ra7 38. gxf6+ Bxf6 39. Rg1 g5 40. Bf5 Kh6 41.
Bg4 Qb7 42. Qxb7 Rxb7 43. Rf1 Kg7 44. Rf5 Kg6 45. Rd5 Be7 46. Rd7 1/2-1/2

[Event "4. HSK Weihnachtsopen 2018"]
[Site "Hamburg"]
[Date "2018.12.28"]
[Round "3.2"]
[White "Von Gleich, Alexander"]
[Black "Franke, Lutz"]
[Result "1-0"]
[WhiteElo "2323"]
[BlackElo "2110"]
[PlyCount "45"]
[EventDate "2018.12.27"]

1. Nf3 f5 2. g3 Nf6 3. Bg2 d6 4. d4 e6 5. O-O Be7 6. c4 O-O 7. Nc3 Ne4 8. Nxe4
fxe4 9. Nd2 d5 10. f3 Nc6 11. fxe4 Rxf1+ 12. Kxf1 dxc4 13. Nf3 Rb8 14. Be3 Na5
15. Qd2 b6 16. Kg1 c5 17. Bf4 Ra8 18. d5 exd5 19. exd5 Bb7 20. e4 Bf8 21. Ng5
h6 22. Ne6 Qf6 23. Rf1 1-0

[Event "4. HSK Weihnachtsopen 2018"]
[Site "Hamburg"]
[Date "2018.12.28"]
[Round "3.3"]
[White "Magnussen, Helge"]
[Black "Powierski, Emil"]
[Result "0-1"]
[WhiteElo "2041"]
[BlackElo "2310"]
[PlyCount "72"]
[EventDate "2018.12.27"]

1. d4 Nf6 2. c4 e6 3. g3 Bb4+ 4. Bd2 Be7 5. Nf3 d5 6. Bg2 c6 7. Qc2 b6 8. O-O
O-O 9. Rd1 Bb7 10. Bf4 Nbd7 11. Nbd2 c5 12. dxc5 bxc5 13. Nf1 d4 14. e3 dxe3
15. Nxe3 Qb6 16. Ng5 Bxg2 17. Nxg2 Qc6 18. Rd3 e5 19. Re1 h6 20. Nh3 Bd6 21.
Qd2 exf4 {(=)} 22. Rxd6 Ne4 23. Rxc6 Nxd2 24. Rd1 Ne5 25. Rxc5 Rfd8 26. Kh1
Nexc4 27. Nhxf4 {(=)} Nxb2 28. Rdc1 g5 29. R5c2 Rab8 30. Nh5 Nd3 31. Nf6+ Kg7
32. Nh5+ Kg6 33. Rc6+ Kxh5 34. h3 Nxf2+ 35. Kg1 Nxh3+ 36. Kh2 Nf3+ 0-1

[Event "4. HSK Weihnachtsopen 2018"]
[Site "Hamburg"]
[Date "2018.12.28"]
[Round "3.4"]
[White "Chittka, Julius"]
[Black "Szobries, Torsten"]
[Result "1-0"]
[WhiteElo "2279"]
[BlackElo "2032"]
[PlyCount "57"]
[EventDate "2018.12.27"]

1. Nf3 e6 2. b3 Nf6 3. Bb2 c5 4. e3 Be7 5. d4 O-O 6. Bd3 Nc6 7. O-O Qc7 8. c4
cxd4 9. exd4 d5 10. Nc3 dxc4 11. bxc4 Rd8 12. Qe2 Nb4 13. Bb1 b6 14. a3 Nc6 15.
Ba2 Ba6 16. Nb5 Bxb5 17. cxb5 Na5 18. Ne5 Nd5 19. Rae1 Bf6 20. Rc1 Qb7 21. f4
g6 22. g4 Rac8 23. Qf3 Rxc1 24. Rxc1 Rc8 25. f5 Rxc1+ 26. Bxc1 Qc7 27. Bh6 Bxe5
28. fxe6 Bxd4+ 29. Kh1 1-0

[Event "4. HSK Weihnachtsopen 2018"]
[Site "Hamburg"]
[Date "2018.12.28"]
[Round "3.5"]
[White "Malkiel, Daniel"]
[Black "Kemeny, Matthias"]
[Result "1-0"]
[WhiteElo "2187"]
[BlackElo "1980"]
[PlyCount "97"]
[EventDate "2018.12.27"]

1. Nf3 Nf6 2. c4 g6 3. Nc3 d5 4. cxd5 Nxd5 5. h4 h6 6. e4 Nb6 7. d4 Bg7 8. Be3
Bg4 9. Qd2 Bxf3 10. gxf3 e6 11. Bb5+ c6 12. Be2 N8d7 13. f4 h5 14. O-O-O Qe7
15. Qc2 Nf6 16. f5 gxf5 17. exf5 Ng4 18. Bxg4 hxg4 19. Bg5 Bh6 20. fxe6 Bxg5+
21. hxg5 Qxg5+ 22. Kb1 O-O-O 23. exf7 Rxh1 24. Rxh1 Qf6 25. Qe4 Qxf7 26. Qxg4+
Kb8 27. Qh4 Qf5+ 28. Ka1 Rf8 29. Qg3+ Ka8 30. Re1 a5 31. Re5 Qf4 32. Rxa5+ Kb8
33. Kb1 Nc4 34. Rc5 Qxg3 35. fxg3 Rf1+ 36. Kc2 Rf2+ 37. Kd3 Nxb2+ 38. Ke3 Rg2
39. Rg5 Nc4+ 40. Kd3 Nd6 41. a4 Kc8 42. Ne4 Nf7 43. Rg7 Nd8 44. Nd6+ Kb8 45. a5
Ka7 46. Ke3 Ka6 47. Kf3 Rd2 48. Rg8 Kxa5 49. Nc4+ 1-0